Introducción a la psicopatología

Uloženo v:
Podrobná bibliografie
Hlavní autor: Wolff, Werner (Autor)
Médium: Kniha
Jazyk:španělština
Vydáno: Ciudad de México Fondo de Cultura Económica 1965
Vydání:3a. ed
Edice:Beviarios del Fondo del Fondo de Cultura Económica, 119
Témata:
Tagy: Přidat tag
Žádné tagy, Buďte první, kdo vytvoří štítek k tomuto záznamu!

MARC

LEADER 00000cam a2200000 a 4500
001 UCF9376
003 CL-VaPUC
008 131115e19650000mx |||||||||||||||||spa|d
082 0 4 |a 616.89  |b WOL  |2 21 
100 0 |a Wolff, Werner  |e author  |9 571646 
245 1 0 |a Introducción a la psicopatología 
250 |a 3a. ed 
300 |a 426 p 
942 |c BK 
945 |d 20131115 14:49:00  |a dcastane 
260 |a Ciudad de México  |b Fondo de Cultura Económica  |c 1965 
650 0 |a Psicopatología   |9 307473 
650 0 |a Psiquiatría  |9 308427 
650 0 |a Trastornos mentales  |9 307475 
650 0 |a Enfermedades mentales   |9 310204 
650 7 |a PSICOTERAPIA  |2 CL-VaPUC  |9 571647 
583 |a last modification  |c 20131115 14:49:00  |k Rodrigo Vera 
490 0 |a Beviarios del Fondo del Fondo de Cultura Económica, 119 
999 |c 353822  |d 353820 
952 |0 0  |1 0  |3 erd  |4 0  |6 616_890000000000000_WOL_1965  |7 0  |8 P  |9 459229  |a BIBEDU  |b BIBEDU  |c BIBEDU_PB  |i 5007968  |o 616.89 WOL 1965  |p 5007968  |r 2019-11-23  |w 2019-11-23  |y BK  |z Catalogado en:20131115  |k PSI